MARC details
| 000 -LEADER |
| fixed length control field |
01123nam a2200253 a 4500 |
| 001 - CONTROL NUMBER |
| control field |
3056043 |
| 008 - FIXED-LENGTH DATA ELEMENTS--GENERAL INFORMATION |
| fixed length control field |
161006s1996 ||||||||||||||||| || u |
| 010 ## - LIBRARY OF CONGRESS CONTROL NUMBER |
| LC control number |
96077497 |
| 020 ## - INTERNATIONAL STANDARD BOOK NUMBER |
| International Standard Book Number |
0316550388 |
| 050 ## - LIBRARY OF CONGRESS CALL NUMBER |
| Classification number |
DT 1974 .A3 Man |
| 100 ## - MAIN ENTRY--PERSONAL NAME |
| Personal name |
Mandela, Nelson |
| 245 10 - TITLE STATEMENT |
| Title |
Mandela : an illustrated autobiography |
| Statement of responsibility, etc. |
by Nelson Mandela |
| 250 ## - EDITION STATEMENT |
| Edition statement |
1st ed. |
| 260 ## - PUBLICATION, DISTRIBUTION, ETC. |
| Place of publication, distribution, etc. |
Boston |
| Name of publisher, distributor, etc. |
Little, Brown and Company |
| Date of publication, distribution, etc. |
1996 |
| 300 ## - PHYSICAL DESCRIPTION |
| Extent |
208 p. : ill., 1 map, ports. |
| 500 ## - GENERAL NOTE |
| General note |
"This is an illustrated and abridged edition of Long walk to freedom: the autobiography of Nelson Mandela ..."--T.p. verso. Includes index. |
| 650 #0 - SUBJECT ADDED ENTRY--TOPICAL TERM |
| Topical term or geographic name entry element |
South Africa - Politics and government - 1948-1994 |
| 650 #0 - SUBJECT ADDED ENTRY--TOPICAL TERM |
| Topical term or geographic name entry element |
MANDELA, NELSON, 1918-2013 |
| 650 #0 - SUBJECT ADDED ENTRY--TOPICAL TERM |
| Topical term or geographic name entry element |
South Africa - Politics and government - 1994- |
| 650 #0 - SUBJECT ADDED ENTRY--TOPICAL TERM |
| Topical term or geographic name entry element |
Statesmen - South Africa - Biography |
| 650 #0 - SUBJECT ADDED ENTRY--TOPICAL TERM |
| Topical term or geographic name entry element |
Presidents - South Africa - Biography |
| 856 ## - ELECTRONIC LOCATION AND ACCESS |
| Uniform Resource Identifier |
<a href="http://www.loc.gov/catdir/enhancements/fy0914/96077497-d.html">http://www.loc.gov/catdir/enhancements/fy0914/96077497-d.html</a> |
| 995 ## - RECOMMENDATION 995 [LOCAL, UNIMARC FRANCE] |
| -- |
CBU-MAIN LIBRARY (Kitwe) |
| -- |
1 |
| -- |
AVAILABLE |
| -- |
Oct 6, 2016 |
| -- |
Main Library Open Access Collection |